The province of jurisprudence determined / (Record no. 119872)
[ view plain ]
| 000 -LEADER | |
|---|---|
| fixed length control field | 00750cam a2200241 a 4500 |
| 001 - CONTROL NUMBER | |
| control field | 5888671 |
| 003 - CONTROL NUMBER IDENTIFIER | |
| control field | ARRUPE |
| 005 - DATE AND TIME OF LATEST TRANSACTION | |
| control field | 20140203122214.0 |
| 008 - FIXED-LENGTH DATA ELEMENTS--GENERAL INFORMATION | |
| fixed length control field | 781212s1832 enk 000 0 eng |
| 010 ## - LIBRARY OF CONGRESS CONTROL NUMBER | |
| LC control number | 12006018 |
| 040 ## - CATALOGING SOURCE | |
| Original cataloging agency | DLC |
| Transcribing agency | DLC |
| Modifying agency | DLC |
| 050 00 - LIBRARY OF CONGRESS CALL NUMBER | |
| Classification number | K230.A86 |
| Item number | P76 2012 |
| 300 ## - PHYSICAL DESCRIPTION | |
| Dimensions | 22 cm. |
| 100 1# - MAIN ENTRY--PERSONAL NAME | |
| Personal name | Austin, John, |
| Dates associated with a name | 1790-1859. |
| 9 (RLIN) | 7674 |
| 245 14 - TITLE STATEMENT | |
| Title | The province of jurisprudence determined / |
| Statement of responsibility, etc | by John Austin. |
| 260 ## - PUBLICATION, DISTRIBUTION, ETC. (IMPRINT) | |
| Place of publication, distribution, etc | London : |
| Name of publisher, distributor, etc | Forgotten Books, |
| Date of publication, distribution, etc | 1832. |
| 300 ## - PHYSICAL DESCRIPTION | |
| Extent | xx, 391, lxxvi p. ; |
| 440 ## - SERIES STATEMENT/ADDED ENTRY--TITLE | |
| Title | Classic Reprint Series |
| 9 (RLIN) | 7675 |
| 500 ## - GENERAL NOTE | |
| General note | Published originally 1832 |
| 650 #0 - SUBJECT ADDED ENTRY--TOPICAL TERM | |
| Topical term or geographic name as entry element | Jurisprudence. |
| 9 (RLIN) | 7676 |
| 906 ## - LOCAL DATA ELEMENT F, LDF (RLIN) | |
| a | 7 |
| b | cbc |
| c | premver |
| d | 1 |
| e | ncip |
| f | 19 |
| g | y-gencatlg |
| 942 ## - ADDED ENTRY ELEMENTS (KOHA) | |
| Source of classification or shelving scheme | Library of Congress Classification |
| Koha item type | Monograph ( Printed materials) |
| Withdrawn status | Lost status | Source of classification or shelving scheme | Damaged status | Not for loan | Home library | Current library | Shelving location | Date acquired | Total Checkouts | Full call number | Barcode | Date last seen | Price effective from | Koha item type |
|---|---|---|---|---|---|---|---|---|---|---|---|---|---|---|
| Library of Congress Classification | ARRUPE LIBRARY | ARRUPE LIBRARY | Main Collection | 03/02/2014 | K230.A86 P76 2012 | 46412127 | 28/06/2018 | 03/02/2014 | Monograph ( Printed materials) |